Business communication / (Record no. 4853)

MARC details
000 -LEADER
fixed length control field 00581 a2200181 4500
010 ## - LCCN (DPL NO)
LC control number ENG-86630
020 ## - INTERNATIONAL STANDARD BOOK NUMBER
Terms of availability 140.00
035 ## - SYSTEM CONTROL NUMBER
System control number EN-70163
037 ## - SOURCE OF ACQUISITION
Source of stock number/acquisition DBAD / PUB
082 14 - DEWEY DECIMAL CLASSIFICATION NUMBER
Classification number 651.7
100 1# - MAIN ENTRY--PERSONAL NAME
Personal name Rai, Urmila
245 1# - TITLE STATEMENT
Title Business communication /
Statement of responsibility, etc by Urmila Rai [and] S. M. Rai
260 ## - PUBLICATION, DISTRIBUTION, ETC. (IMPRINT)
Place of publication, distribution, etc Mumbai
Name of publisher, distributor, etc Himalaya Publishing House
Date of publication, distribution, etc 2006
270 ## - ADDRESS
Address " Pooja Apartment" Dr. Bhalerai Marg, Girgaon
City Mumbai
Postal code 400 004
Telephone number 022- 23860170
Electronic mail address himpub@vsnl.com
Fax number 022-23877178
300 ## - PHYSICAL DESCRIPTION
Extent 306 p
Dimensions 24 cm (Pbk)
700 1# - ADDED ENTRY--PERSONAL NAME
Personal name Rai, S. M.
942 ## - ADDED ENTRY ELEMENTS (KOHA)
Institution code [OBSOLETE] dpl
Item type English Books
Source of classification or shelving scheme Dewey Decimal Classification
Classification part 651.7
Call number suffix RAI
Holdings
Withdrawn status Lost status Not for loan Collection code Home library Current library Source of acquisition Cost, normal purchase price Full call number Barcode Copy number Cost, replacement price Koha item type Date acquired
    Not For Loan Non-fiction D.B.Act.Division D.B.Act.Division DBAD/PUB 140.00 651.7 RAI EN-70163 1 140.00 English Books  
      Non-fiction Sarojini Nagar Sarojini Nagar     651.7 RAI B-083893     English Books 09/03/2019

© Delhi Public Library
Hit Counter
free hit counter